| 000 | 00345nam a22001577a 4500 | ||
|---|---|---|---|
| 003 | SGT | ||
| 020 | _a9781032452494 | ||
| 082 |
_a617 _bB23O |
||
| 100 | _aO'Connell, P. Ronan | ||
| 245 | _aBailey & Love's Short practice of Surgery | ||
| 250 | _a28th | ||
| 260 |
_bCRC Press _c2023 |
||
| 300 | _a849 | ||
| 650 | _aSurgery | ||
| 942 |
_2ddc _cBK |
||
| 999 |
_c24899 _d24899 |
||